Interpretation of mass spectra: an introduction
Guardat en:
| Autor principal: | |
|---|---|
| Format: | Llibre |
| Idioma: | anglès |
| Publicat: |
Nueva York
W.A. Benjamin, Inc
1966
|
| Col·lecció: | The Organic Chemistry Monograph Series
|
| Matèries: | |
| Etiquetes: |
Afegir etiqueta
Sense etiquetes, Sigues el primer a etiquetar aquest registre!
|
MARC
| LEADER | 00000nam a2200000 a 4500 | ||
|---|---|---|---|
| 001 | UCG3704 | ||
| 003 | CL-VaPUC | ||
| 008 | 100909e19660000US |||||||||||||||||eng|d | ||
| 082 | 0 | 4 | |a 535.84 |b MCL |2 21 |
| 100 | |a McLafferty, Fred W. |e autor |9 553000 | ||
| 245 | 1 | 0 | |a Interpretation of mass spectra: an introduction |
| 300 | |a 229 p | ||
| 942 | |c BK | ||
| 945 | |d 20100909 00:00:00 |a mfarfan | ||
| 260 | |a Nueva York |b W.A. Benjamin, Inc |c 1966 | ||
| 650 | 7 | |a ISOTOPOS |2 CL-VaPUC |9 361760 | |
| 650 | 7 | |a CARBON |2 CL-VaPUC |9 268755 | |
| 650 | 7 | |a NITROGENO |2 CL-VaPUC |9 358135 | |
| 650 | 0 | |a Estructura molecular |9 306892 | |
| 650 | 7 | |a ESPECTROS MOLECULARES |2 CL-VaPUC |9 373241 | |
| 650 | 0 | |a Moléculas |9 259584 | |
| 650 | 7 | |a FUERZAS MOLECULARES |2 CL-VaPUC |9 373922 | |
| 650 | 7 | |a QUIMICA MOLECULAR |2 CL-VaPUC |9 360477 | |
| 583 | |a last modification |c 20100909 00:00:00 |k Rodrigo Vera | ||
| 490 | 0 | |a The Organic Chemistry Monograph Series | |
| 999 | |c 342744 |d 342742 | ||
| 952 | |0 0 |1 0 |4 0 |6 535_840000000000000_MCL_1966 |7 0 |8 A |9 439231 |a BIBCUR |b BIBCUR |d 2019-11-22 |i 4706587 |o 535.84 MCL 1966 |p 4706587 |r 2025-04-22 |w 2019-11-22 |y BK |k QUI | ||